| 000 | 00949nam a22002657a 4500 | ||
|---|---|---|---|
| 001 | 6144 | ||
| 003 | FISKH | ||
| 005 | 20250319125739.0 | ||
| 008 | 250319b cb ||||| |||| 00| 0 eng d | ||
| 020 | _a9781405321594 | ||
| 040 |
_aFISKH _beng _cFISKH _dFISKH |
||
| 050 | _aPZ7 | ||
| 082 | _a900 | ||
| 100 | _aNicholson, Sue | ||
| 245 |
_aAncient Rome / _cBy Sue Nicholson |
||
| 260 |
_aLondon : _bDorling Kindersley Limited ; _c2008. |
||
| 300 |
_a46 pages : _bcolor illustrations ; _c28 cm . |
||
| 490 | _aEyewitness Project Books | ||
| 520 | _aWatch your child take their knowledge of Ancient Rome to the next level using this fill-in home-study workbook. They'll test their knowledge and train their brains with hands-on activities, amazing stickers and quick-fire quiz pages. | ||
| 650 |
_aHumanities _vFiction |
||
| 650 |
_aRomans _vNon-fiction |
||
| 700 |
_aMacLeod, Jilly _eProject editors |
||
| 942 |
_2ddc _cBK _n0 |
||
| 999 |
_c6144 _d6144 |
||